| 000 | 00753nam a22002297a 4500 | ||
|---|---|---|---|
| 005 | 20100811164548.0 | ||
| 010 | _aENG-99827 | ||
| 020 |
_c595.00 _a8174875727 |
||
| 035 | _aEN-83359 | ||
| 037 | _bDBAD/PUB | ||
| 082 | _a882.08 | ||
| 100 |
_aBradley, A.C. _912235 |
||
| 245 |
_aShakespearean tragedy/ _c by A.C. Bradley |
||
| 260 |
_aNew Delhi _bRadha Publications _c2008 |
||
| 270 |
_bNew Delhi _e110002 _a4231/1,Ansari Road Dariyaganj,New Delhi |
||
| 300 |
_axi,498p. _c21cm (Hb) |
||
| 500 | _aIncludes index | ||
| 700 | _910603 | ||
| 700 | _910604 | ||
| 942 |
_2ddc _cEN _h882.08 _mBRA |
||
| 999 |
_c41196 _d41196 |
||